| 000 | 00857cam a22002655a 4500 | ||
|---|---|---|---|
| 999 |
_c27220 _d27191 |
||
| 001 | 3962140 | ||
| 005 | 20190307131731.0 | ||
| 008 | 941011t1995 enka frbs 001 0 eng d | ||
| 010 | _a 94040610 | ||
| 020 | _a1858982073 | ||
| 020 | _a9781858982076 | ||
| 040 |
_aDLC _beng _cDLC _dDLC _dEG-ScBUE |
||
| 082 | 0 | 4 |
_a338.9 _bTHI _222 |
| 100 | 1 | _aThirlwall, A. P. | |
| 245 | 1 | 4 |
_aThe economics of growth and development : _bselected essays of A. P. Thirwall. |
| 260 |
_aAldershot, Hants, England ; _aBrookfield, Vt., USA : _bEdward Elgar, _cc.1995. |
||
| 300 |
_axxx, 331 p. : _bill. ; _c24 cm. |
||
| 490 | 0 | _aEconomists of the twentieth century | |
| 504 | _aIncludes bibliographical references and index. | ||
| 650 | 7 |
_aEconomic development. _2BUEsh |
|
| 651 | _2BUEsh | ||
| 653 |
_bLLAAWW _bBUSECO _cMarch2019 |
||
| 655 | _vReading book | ||
| 942 | _2ddc | ||